[Event "Zonal 3.4 Women"]
[Site "Tashkent UZB"]
[Date "2011.06.11"]
[Round "4.5"]
[White "Nasriddinzoda,M"]
[Black "Muminova,N"]
[Result "0-1"]
[WhiteElo "2011"]
[BlackElo "2346"]

1.e4 d5 2.exd5 Qxd5 3.Nc3 Qd6 4.g3 Nf6 5.Bg2 Bg4 6.Nge2 Nc6 7.h3 Bxe2 8.Nxe2 O-O-O
9.d3 e5 10.Nc3 Nd4 11.a3 Qd7 12.Be3 Kb8 13.Qd2 Bd6 14.Ne2 Nf5 15.O-O-O Rhe8
16.Rhe1 Qa4 17.Qc3 Nxe3 18.fxe3 Bf8 19.d4 e4 20.Qb3 Qxb3 21.cxb3 Bd6 22.b4 Nd5
23.Nf4 Bxf4 24.gxf4 Rd6 25.Kd2 f5 26.Rc1 a6 27.Bf1 Red8 28.Be2 Rh6 29.Rh1 Rdd6
30.Rcg1 Rhg6 31.Bc4 Ne7 32.Bf7 Rxg1 33.Rxg1 g6 34.Rc1 b6 35.Bb3 Kb7 36.Ke2 Rc6
37.Rg1 Kc8 38.Kd2 Kd8 39.Rd1 Rd6 40.Rc1 Kd7 41.Bc4 b5 42.Bb3 Rc6 43.Rc5 Rf6
44.h4 Nc8 45.Kc3 h6 46.d5 g5 47.hxg5 hxg5 48.fxg5 Rg6 49.Kd4 Rxg5 50.Rc2 Rg3
51.Rf2 Nd6 52.Bc2 Ke7 53.b3 Rh3 54.a4 Kf6 55.Rg2 Rh1 56.Rf2 Re1 57.Rh2 Nf7
58.Rh3 Re2 59.Kc3 Ng5 60.Rh6+ Ke5 61.Rxa6 Rxe3+ 62.Kb2 f4 63.Ra8 f3 64.Rf8 Nh7
65.Re8+ Kd4 66.a5 f2 67.a6 f1=Q 68.a7 Qe1 69.Ka2 Qd2 70.Kb1 Re1+  0-1

[Event "FSFMA June"]
[Site "Budapest HUN"]
[Date "2011.06.13"]
[Round "10"]
[White "Juracsik,J"]
[Black "Bianchetti,Raoul"]
[Result "1/2-1/2"]
[WhiteElo "2133"]
[BlackElo "1986"]

1.e4 d5 2.exd5 Qxd5 3.Nc3 Qd6 4.d4 Nf6 5.Nf3 Bg4 6.Be2 c6 7.O-O Nbd7 8.h3 Bh5
9.Bg5 e6 10.Bh4 Bxf3 11.Bxf3 Qc7 12.Re1 Bd6 13.d5 O-O-O 14.dxc6 bxc6 15.Qe2 Kb8
16.Ne4 Be5 17.Qc4 Nb6 18.Qa6 Rd4 19.c3 Ra4 20.Qe2 Nxe4 21.Bxe4 f5 22.Bxc6 Bh2+
23.Kh1 Qxc6 24.Kxh2 Rxh4 25.Qxe6 Qxe6 26.Rxe6 Re4 27.Rxe4 fxe4 28.Re1 Re8
29.Kg3 Kc7 30.c4 Kd6 31.b3  1/2-1/2

[Event "DJEM U18 w"]
[Site "Oberhof GER"]
[Date "2011.06.13"]
[Round "3.8"]
[White "Garny,Annica"]
[Black "Velina,V"]
[Result "1/2-1/2"]
[WhiteElo "1783"]
[BlackElo "1751"]

1.e4 d5 2.exd5 Qxd5 3.Nc3 Qd6 4.d4 Nf6 5.Nf3 c6 6.Ne5 Nbd7 7.Nc4 Qc7 8.Qf3 g6
9.Bf4 Qd8 10.Bd3 Nb6 11.Be5 Bg7 12.Ne4 Nbd5 13.c3  1/2-1/2

[Event "ODEM U25-A"]
[Site "Oberhof GER"]
[Date "2011.06.13"]
[Round "3.1"]
[White "Figura,A"]
[Black "Zuferi,E"]
[Result "1/2-1/2"]
[WhiteElo "2364"]
[BlackElo "2009"]

1.e4 d5 2.exd5 Qxd5 3.Nc3 Qd6 4.d4 Nf6 5.Nf3 Bf5 6.Ne5 e6 7.Bf4 Qd8 8.g4 Bg6
9.Bg2 c6 10.h4 Bb4 11.f3 Qa5 12.O-O Bxc3 13.Nc4 Qb4 14.Nd6+ Ke7 15.bxc3 Qxc3
16.Ne4 Nxe4 17.fxe4 h5 18.Rb1 b6 19.Rb3 Qc4 20.Re3 Nd7 21.gxh5 Rxh5 22.Qd2 Rd8
23.Bf3 Rh7 24.Qh2 Rdh8 25.d5 e5 26.Bxe5 Rxh4 27.Bd6+ Kd8 28.Qg2 Qd4 29.Re1 cxd5
30.exd5 Re8 31.c3 Rxe3 32.cxd4 Rxe1+ 33.Kf2 Rhh1 34.Qg5+ f6 35.Qxg6 Rhf1+
36.Kg3 Rg1+ 37.Bg2 Re2 38.Qf7 Rgxg2+ 39.Kh3 Rg5 40.Qg8+ Re8 41.Bc7+ Kxc7
42.Qxe8 Rxd5 43.Qe4 Rh5+ 44.Kg2 Ra5 45.a4 g5 46.Qe6 Rxa4 47.d5 Ra2+ 48.Kg3 Ra3+
49.Kg2 Ra2+  1/2-1/2

[Event "Voronezh FIDE Open"]
[Site "Voronezh RUS"]
[Date "2011.06.13"]
[Round "2.12"]
[White "Artemov,N"]
[Black "Lugovskoy,M"]
[Result "0-1"]
[WhiteElo "1984"]
[BlackElo "2198"]

1.e4 d5 2.exd5 Qxd5 3.Nc3 Qd8 4.d4 Nf6 5.Nf3 Bg4 6.Bc4 e6 7.h3 Bxf3 8.Qxf3 c6
9.O-O Be7 10.Bf4 Qxd4 11.Bb3 O-O 12.Rad1 Qc5 13.Rfe1 Rd8 14.Rxd8+ Bxd8 15.Ne4 Nxe4
16.Qxe4 Qe7 17.h4 Nd7 18.Bg5 Nf6 19.Qf3 h6 20.Bd2 Bb6 21.Bc3 Rd8 22.g4 Nd5
23.Be5 Qxh4 24.Kg2 Nf6 25.Bxf6 Qxf6 26.Qxf6 gxf6 27.Re2 Rd4 28.Kf3 Bc7 29.Re4 Rd8
30.Ke3 Kg7 31.c3 Kg6 32.Ke2 f5 33.gxf5+ Kxf5 34.Bc2 Kg5 35.Kf3 h5 36.Ke2 Rd5
37.Kf1 h4 38.Re3 Rd2 39.Re2 Rxe2 40.Kxe2 Kf4 41.Kf1 h3 42.Kg1 Bb6  0-1

[Event "ODEM U25-A"]
[Site "Oberhof GER"]
[Date "2011.06.14"]
[Round "5.2"]
[White "Goelz,D"]
[Black "Zuferi,E"]
[Result "1-0"]
[WhiteElo "2103"]
[BlackElo "2009"]

1.e4 d5 2.exd5 Qxd5 3.Nc3 Qd6 4.g3 Nf6 5.Bg2 c6 6.Nge2 Bf5 7.O-O e6 8.h3 Be7
9.d3 Nbd7 10.Be3 O-O 11.Nd4 Bg6 12.Qe1 e5 13.Nb3 Nd5 14.Bd2 Rfe8 15.Na5 Rab8
16.Nc4 Qe6 17.a4 Nb4 18.Ne3 f5 19.Ne2 a5 20.Qb1 Nc5 21.f4 Bh5 22.g4 fxg4
23.hxg4 Bf7 24.fxe5 Nbxd3 25.cxd3 Nb3 26.Bc3 Nxa1 27.Qxa1 Bg5 28.Nf4 Qd7
29.Be4 Bg6 30.Qa2+ Bf7 31.Qb1 Re6 32.Bf5 Rf8 33.Neg2 Rd8 34.Nxe6 Bxe6 35.d4 h6
36.Bxe6+ Qxe6 37.Qf5 Qb3 38.e6 Kh8 39.Qf7 Bf6 40.Rxf6  1-0

[Event "Teplice Open"]
[Site "Teplice CZE"]
[Date "2011.06.14"]
[Round "4"]
[White "Kratochvil,Jo"]
[Black "Horyna,J"]
[Result "1-0"]
[WhiteElo "2223"]
[BlackElo "1886"]

1.e4 d5 2.exd5 Qxd5 3.Nc3 Qd8 4.d4 c6 5.Bc4 Bf5 6.Nf3 e6 7.Qe2 Be7 8.Bf4 Nf6
9.O-O-O O-O 10.Ne5 Nd5 11.Bd2 b5 12.Bb3 Bg5 13.g4 Nxc3 14.bxc3 Bxd2+ 15.Rxd2 Bg6
16.h4 h6 17.Nxg6 fxg6 18.Qxe6+ Kh7 19.h5 g5 20.Re1 Qd7 21.Qg6+ Kh8 22.Rde2  1-0

[Event "ODEM U25-A"]
[Site "Oberhof GER"]
[Date "2011.06.16"]
[Round "7.20"]
[White "Linnemann,Niklas"]
[Black "Kast,J"]
[Result "1/2-1/2"]
[WhiteElo "1847"]
[BlackElo "1745"]

1.e4 d5 2.exd5 Qxd5 3.Nc3 Qd6 4.Nf3 c6 5.d4 Nf6 6.h3 Bf5 7.Bd3 Bg6 8.O-O e6
9.Re1 Be7 10.Ne5 O-O 11.Bxg6 hxg6 12.a3 Nbd7 13.Bf4 Nxe5 14.Bxe5 Qd7 15.Ne2 Rad8
16.Ng3 Bd6 17.Qf3 Qe7 18.Bxf6 Qxf6 19.Qxf6 gxf6 20.c3 Bxg3 21.fxg3 Rd5 22.Rf1 f5
23.Rfe1 Rfd8 24.b4 b6 25.Kh2 c5 26.dxc5 bxc5 27.c4 Rd4 28.Rec1 Rc8 29.b5 e5
30.Ra2 e4 31.Rc3 Re8 32.Kg1 g5 33.Rf2 e3 34.Re2 Rd1+ 35.Kh2 f4 36.h4 Rd2
37.Rxd2 fxg3+ 38.Kh3 exd2 39.Rd3 Re4 40.Rxd2 Rxh4+ 41.Kxg3 Rxc4 42.Rd8+ Kg7
43.Ra8  1/2-1/2

[Event "Teplice Open"]
[Site "Teplice CZE"]
[Date "2011.06.16"]
[Round "6"]
[White "Skara,V"]
[Black "Kaluzny,Jiri"]
[Result "1-0"]
[WhiteElo "2178"]
[BlackElo "1866"]

1.e4 d5 2.exd5 Qxd5 3.Nc3 Qd6 4.g3 Nf6 5.Bg2 Bg4 6.Nf3 e6 7.d3 Nbd7 8.h3 Bxf3
9.Qxf3 c6 10.O-O Be7 11.Re1 O-O 12.Qe2 Nb6 13.b3 Qd4 14.Bb2 Bb4 15.Nd1 Qd8
16.c3 Be7 17.a3 Qc7 18.d4 Rad8 19.c4 Qd7 20.Ne3 Rfe8 21.Rad1 Bf8 22.Qc2 Nc8
23.Kh2 Ne7 24.f4 Qc7 25.Bf3 Ng6 26.Ng2 Bd6 27.Kh1 Bf8 28.Bc3 Qc8 29.Qb2 e5
30.fxe5 Qxh3+ 31.Kg1 Qxg3 32.Qf2 Qxf2+ 33.Kxf2 Nd7 34.Bh5 Nb6 35.a4 Ne7 36.a5 Nbc8
37.Nf4 g6 38.Bf3 Nf5 39.a6 b6 40.Bxc6 Re7 41.Nd5 Re6 42.Nf6+ Kh8 43.Bd7 Rxf6
44.exf6 Ncd6 45.Bxf5 Nxf5 46.Re4 Bd6 47.Kg2 h5 48.c5 Bxc5 49.dxc5 Rxd1 50.cxb6 axb6
51.Re8+ Kh7 52.a7  1-0

[Event "Voronezh FIDE Open"]
[Site "Voronezh RUS"]
[Date "2011.06.17"]
[Round "6.34"]
[White "Vishnjakova,S"]
[Black "Butneva,L"]
[Result "1-0"]
[WhiteElo "2193"]
[BlackElo "1859"]

1.e4 d5 2.exd5 Qxd5 3.Nc3 Qd6 4.d4 Nf6 5.Bb5+ c6 6.Be2 g6 7.Nf3 Bg7 8.Ne5 Be6
9.Bf4 Qd8 10.Qd2 h6 11.O-O Nbd7 12.Rad1 Nb6 13.Rfe1 g5 14.Bg3 Nfd7 15.Qe3 Nf6
16.b3  1-0

[Event "25th Open Pula"]
[Site "Pula CRO"]
[Date "2011.06.18"]
[Round "1.7"]
[White "Shengelia,D"]
[Black "Mrdjen,D"]
[Result "1/2-1/2"]
[WhiteElo "2511"]
[BlackElo "2016"]

1.e4 d5 2.exd5 Qxd5 3.Nc3 Qd6 4.d4 Nf6 5.Nf3 c6 6.Bc4 Bg4 7.Bb3 e6 8.h3 Bh5
9.g4 Bg6 10.Ne5 Nbd7 11.Bf4 Nxe5 12.Bxe5 Qd8 13.Qe2 Bb4 14.O-O-O Bxc3 15.bxc3 O-O
16.c4 a5 17.a4 b5 18.cxb5 cxb5 19.Qxb5 Ne4 20.f3 Nc3 21.Qb7 Nxd1 22.Rxd1 Rc8
23.d5 exd5 24.Qxd5 Qb6 25.Bd4 Qc7 26.Rd2 Rfe8 27.h4 Qf4 28.Bb6 h5 29.gxh5 Bxh5
30.Qxh5 Re1+ 31.Kb2 Qxd2 32.Qxf7+ Kh8 33.Qh5+ Qh6 34.Qxh6+ gxh6 35.Bxa5 Rh1
36.Bb6 Rxh4 37.a5 Rb4 38.Ka3 Rxb6 39.axb6 Rb8 40.c4 Rxb6 41.c5 Rb5 42.c6 Rc5
43.Ba4 Rc3+ 44.Kb4 Rxf3 45.c7 Rf8 46.Bd7 Kg7 47.Kc5 Kf6 48.Kd6 h5 49.Bh3 h4
50.c8=Q Rxc8 51.Bxc8  1/2-1/2

[Event "25th Open Pula"]
[Site "Pula CRO"]
[Date "2011.06.18"]
[Round "1.6"]
[White "Albers,D"]
[Black "Antal,Ge"]
[Result "0-1"]
[WhiteElo "2017"]
[BlackElo "2530"]

1.e4 d5 2.exd5 Qxd5 3.Nc3 Qd6 4.d4 Nf6 5.Nf3 g6 6.Bg5 Bg7 7.Qd2 a6 8.Be2 O-O
9.Bf4 Qd8 10.Ne5 Be6 11.Rd1 Nd5 12.Bh6 Nxc3 13.bxc3 c6 14.c4 f6 15.Bxg7 Kxg7
16.Ng4 Bxg4 17.Bxg4 b5 18.O-O Nd7 19.Bf3 Rc8 20.cxb5 axb5 21.Qb4 c5 22.dxc5 Qc7
23.c4 bxc4 24.Bb7 Rb8 25.Qa4 Ne5 26.c6 Rfd8 27.h3 g5 28.Qa6 Rd3 29.Rxd3 cxd3
30.Rd1 Rd8 31.a4 Rd5 32.Qa8 Rc5 33.Ba6 Qd6 34.Qb7 g4 35.c7 Rxc7 36.Qa8 Rc2
37.hxg4 Nxg4 38.g3 Nxf2  0-1

[Event "Voronezh FIDE Open"]
[Site "Voronezh RUS"]
[Date "2011.06.19"]
[Round "8.41"]
[White "Chernyshova,N"]
[Black "Krekoten,V"]
[Result "1-0"]
[WhiteElo "2066"]
[BlackElo "1900"]

1.e4 d5 2.exd5 Qxd5 3.Nc3 Qd6 4.Nf3 c6 5.d4 Nf6 6.h3 Bf5 7.Bd3 Bxd3 8.Qxd3 e6
9.O-O Be7 10.Ne2 Nbd7 11.Bf4 Qb4 12.a3 Qb6 13.b4 O-O 14.c4 Qd8 15.Nc3 Re8
16.Rfe1 Nf8 17.Rad1 Ng6 18.Bh2 Bd6 19.Ne5 Qc7 20.f4 Rad8 21.Qe3 Ne7 22.Qf2 Nf5
23.g4 Ne7 24.Rf1 Qb8 25.Qf3 Bc7 26.a4 Bb6 27.Ne2 Nd7 28.Nxd7 Rxd7 29.f5 Qd8
30.fxe6 fxe6 31.Qf7+ Kh8 32.Be5 Nf5 33.Rxf5 Rxf7 34.Rxf7 Rg8 35.c5 Qh4 36.cxb6 axb6
37.Kg2 Qd8 38.Nc3 Qg5 39.Rdf1 h5 40.R1f4 h4 41.Ne4 Qd8 42.Bxg7+ Rxg7 43.Rf8+ Qxf8
44.Rxf8+ Kh7 45.Kf3 Re7 46.Nd6 Kg7 47.Rb8 Kf6 48.Rxb7 Rxb7 49.Nxb7 e5 50.a5  1-0

[Event "3rd Eforie Open"]
[Site "Eforie Nord ROU"]
[Date "2011.06.20"]
[Round "1.1"]
[White "Postolachi,V"]
[Black "Tiviakov,S"]
[Result "0-1"]
[WhiteElo "2111"]
[BlackElo "2622"]

1.e4 d5 2.exd5 Qxd5 3.Nc3 Qd6 4.d4 Nf6 5.Nf3 c6 6.Be2 Bf5 7.Bg5 Nbd7 8.Qd2 e6
9.O-O Qc7 10.Rfe1 Bd6 11.h3 h6 12.Be3 Nb6 13.Bd3 Bxd3 14.Qxd3 Nbd5 15.Ne2 b5
16.b3 O-O 17.c4 bxc4 18.bxc4 Nxe3 19.fxe3 c5 20.Nc3 Bg3 21.Rec1 Rad8 22.Rab1 Rfe8
23.Nb5 Qd7 24.Qb3 Ne4 25.Qc2 f5 26.d5 Bf2+ 27.Kh2 Bxe3 28.dxe6 Qxe6 29.Nc7 Bf4+
30.Kg1  0-1

[Event "Baltija Cup Open A"]
[Site "Palanga LTU"]
[Date "2011.06.20"]
[Round "2.14"]
[White "Ralys,V"]
[Black "Stasans,A"]
[Result "1-0"]
[WhiteElo "1900"]
[BlackElo "2167"]

1.e4 d5 2.exd5 Qxd5 3.Nc3 Qd6 4.d4 Nf6 5.Be3 c6 6.Qd2 Bf5 7.O-O-O e6 8.f3 Nbd7
9.g4 Bg6 10.a3 Nb6 11.Bf4 Qd7 12.Be5 Bd6 13.Bxf6 gxf6 14.Bd3 Qc7 15.Nge2 O-O-O
16.Kb1 Bxd3 17.Qxd3 h5 18.h3 Rh6 19.Ne4 Bf4 20.Qb3 Nd5 21.Nc5 Bd6 22.Ne4 Rdh8
23.c4 Nf4 24.Nxf4 Bxf4 25.d5 f5 26.g5 Rg6 27.d6 Qb6 28.Qc3 Rd8 29.c5 Qa6
30.Nf6 Rxg5 31.Rhg1 Rxg1 32.Rxg1 Qe2 33.Qa5 Qd3+ 34.Ka1 Bxd6 35.cxd6 Qxd6
36.Qxa7 Qe5 37.Qa8+ Qb8 38.Qa5 Qf4 39.Nd7 Qd4 40.Nb6+ Kb8 41.Rc1 Qd2 42.Rc3 Qd1+
43.Ka2 Qd4 44.Rb3 e5 45.Nc4 Rd5 46.Qb4 b5 47.Qf8+ Rd8 48.Qxf7 Ka8 49.Qc7 Rb8
50.Qxc6+  1-0

[Event "Baltija Cup Open A"]
[Site "Palanga LTU"]
[Date "2011.06.20"]
[Round "3.17"]
[White "Setkauskas,V"]
[Black "Vanagaite,G"]
[Result "1-0"]
[WhiteElo "2207"]
[BlackElo "1866"]

1.e4 d5 2.exd5 Qxd5 3.Nc3 Qd6 4.d4 Nf6 5.Nf3 a6 6.g3 b5 7.Bg2 Bb7 8.O-O e6
9.Ne5 Bxg2 10.Kxg2 Nbd7 11.Qf3 Rc8 12.Nc6 Nb6 13.Bf4 Qd7 14.Ne5 Qd8 15.Qc6+ Nfd7
16.Ne4 Be7 17.Nc5 Bxc5 18.dxc5 Nd5 19.Rad1 Qe7 20.Rfe1 Nxf4+ 21.gxf4 Rd8
22.Nxd7 Rxd7 23.Rd3  1-0

[Event "25th Open Pula"]
[Site "Pula CRO"]
[Date "2011.06.20"]
[Round "3.20"]
[White "Stocko,J"]
[Black "Bodiroga,P"]
[Result "0-1"]
[WhiteElo "2209"]
[BlackElo "2384"]

1.e4 d5 2.exd5 Qxd5 3.Nc3 Qd6 4.Nf3 Nf6 5.h3 Bf5 6.d4 c6 7.Bd3 g6 8.Bxf5 gxf5
9.Ne5 Nbd7 10.Bf4 Qb4 11.Qd2 e6 12.O-O-O h5 13.Kb1 Rg8 14.f3 Be7 15.a3 Qb6
16.Nc4 Qd8 17.Rhe1 Nb6 18.Ne3 Qd7 19.Qe2 O-O-O 20.g4 fxg4 21.fxg4 hxg4 22.Nxg4 Nxg4
23.hxg4 Rg6 24.Qe5 Bd6 25.Qxd6 Qxd6 26.Bxd6 Rxd6 27.Ne4 Rd8 28.g5 Nc4 29.Rh1 Rg7
30.Ka2 Nd6 31.Nxd6+ Rxd6 32.Rh8+ Kd7 33.Rb8 Kc7 34.Rf8 Rd7 35.Rf1 Kd6 36.c3 Ke7
37.Ra8 a6 38.Rg1 Rd8 39.Rxd8 Kxd8 40.Kb3 Rg6 41.Kc4 f6 42.Re1 fxg5 43.Kc5 Kc7
44.Rh1 b6+ 45.Kc4 g4 46.Kd3 g3 47.Ke4 Kd6 48.Kf3 g2 49.Rg1 Kd5 50.b3 a5 51.a4 b5
52.Ke3 Rg3+ 53.Kd2 bxa4 54.bxa4 Kc4  0-1

[Event "25th Open Pula"]
[Site "Pula CRO"]
[Date "2011.06.20"]
[Round "3.27"]
[White "Aguera Naredo,J"]
[Black "Koenig,Dir1"]
[Result "1-0"]
[WhiteElo "2353"]
[BlackElo "2050"]

1.e4 d5 2.exd5 Qxd5 3.Nc3 Qd6 4.d4 Nf6 5.Nf3 a6 6.Ne5 Nbd7 7.Nc4 Qe6+ 8.Be2 Nb6
9.Ne3 Qd6 10.a4 e6 11.a5 Nbd5 12.Nc4 Qd8 13.O-O Be7 14.Bf3 O-O 15.Na4 Ra7
16.Ne5 Nd7 17.c4 Nb4 18.Be3 Bg5 19.Bxg5 Qxg5 20.Qb3 Qe7 21.Rad1 b6 22.axb6 cxb6
23.Nxd7 Bxd7 24.Nxb6 Bc6 25.Bxc6 Nxc6 26.Qa4 Qc7 27.c5 Rd8 28.d5 exd5 29.Nxd5 Qb7
30.Nb6  1-0

[Event "4th Karen Asrian Memorial"]
[Site "Jermuk ARM"]
[Date "2011.06.22"]
[Round "7"]
[White "Barsegyan,H"]
[Black "Baghdasaryan,V"]
[Result "1-0"]
[WhiteElo "1961"]
[BlackElo "2342"]

1.e4 d5 2.exd5 Qxd5 3.Nc3 Qd6 4.Nf3 Bg4 5.Bc4 Nf6 6.d3 c6 7.h3 Bh5 8.Be3 Nbd7
9.g4 Bg6 10.Qd2 Nb6 11.Bb3 Nfd5 12.Bd4 Nxc3 13.Bxc3 Nd5 14.Be5 Qd7 15.O-O-O e6
16.Bg3 Bb4 17.Qe2 Qe7 18.h4 h6 19.Ne5 Bh7 20.Kb1 O-O-O 21.Qf3 f6 22.Nc4 Rhe8
23.d4 b5 24.Ne3 Kb7 25.a3 Ba5 26.Ka2 Bc7 27.Rhe1 a5 28.Nxd5 cxd5 29.Bxc7 Qxc7
30.Qe2 Qc6 31.c3 b4 32.a4 e5 33.Qd2 bxc3 34.bxc3 e4 35.Rb1 Kc7 36.Rbc1 Bg8
37.Re3 Rb8 38.Rb1 Kd7 39.g5 f5 40.gxh6 f4 41.Rh3 Qxh6 42.Rg1 Rb6 43.Rg5 Reb8
44.Bd1 Qf6 45.Rh1 e3 46.Qc2 exf2 47.Qxf2 Kd8 48.Qc2 g6 49.Rhg1 Bf7 50.h5 gxh5
51.Bxh5 Bxh5 52.Rxh5  1-0

[Event "Baltija Cup Open A"]
[Site "Palanga LTU"]
[Date "2011.06.22"]
[Round "7.13"]
[White "Valantiejus,Vaidotas"]
[Black "Rogule,L"]
[Result "0-1"]
[WhiteElo "1963"]
[BlackElo "2362"]

1.e4 d5 2.exd5 Qxd5 3.Nc3 Qd6 4.g3 e5 5.Bg2 Nc6 6.Nf3 Bg4 7.h3 Bh5 8.d3 f5
9.O-O Nf6 10.Qe1 O-O-O 11.Nd2 Nd4 12.Nc4 Qe7 13.Na3 a6 14.Bg5 h6 15.Bxf6 Qxf6
16.Nd5 Rxd5 17.Bxd5 Bf3 18.c3 Bb4 19.Qb1 Bxd5 20.cxd4 exd4 21.Nc2 Bd6 22.Qe1 f4
23.Kh2 Bf3 24.Rg1 h5 25.Qd2 fxg3+ 26.fxg3 h4 27.Qf2 hxg3+ 28.Rxg3 Rxh3+  0-1

[Event "ch-Commonwealth RSA-Open"]
[Site "Ekurhuleni RSA"]
[Date "2011.06.24"]
[Round "11"]
[White "Bhawoodien,S"]
[Black "Hoek,Adriana J."]
[Result "1-0"]
[WhiteElo "2115"]
[BlackElo "1751"]

1.e4 d5 2.exd5 Qxd5 3.Nc3 Qd6 4.d4 Nc6 5.Nb5 Qd8 6.Bf4 e5 7.dxe5 Qe7 8.e6 Qb4+
9.Qd2 Qe4+ 10.Be2 Bb4 11.c3 Ba5 12.exf7+ Kxf7 13.Nf3 h6 14.O-O Nf6 15.Rfe1 Rd8
16.Qc1 Nd5 17.Ng5+ hxg5 18.Bh5+ g6 19.Rxe4 Nxf4 20.Rxf4+ gxf4 21.Qxf4+ Kg7
22.Nxc7 Bxc7 23.Qxc7+ Kh6 24.Bf3 Bd7 25.h4 Rac8 26.Qf4+ Kg7 27.Re1 Rf8 28.Qd6 Bf5
29.g4 Rf6 30.Re7+ Nxe7 31.Qxe7+ Rf7 32.Qe5+ Kh7 33.gxf5 gxf5 34.Bd5 Rg7+
35.Kf1  1-0

[Event "Mukachevo Summer"]
[Site "Mukachevo UKR"]
[Date "2011.06.25"]
[Round "8"]
[White "Grekh,A"]
[Black "Kovalenko,I"]
[Result "0-1"]
[WhiteElo "2369"]
[BlackElo "2581"]

1.e4 d5 2.exd5 Qxd5 3.Nc3 Qd6 4.d4 Nf6 5.Nf3 Bg4 6.h3 Bh5 7.g4 Bg6 8.Ne5 Nbd7
9.Nxg6 hxg6 10.Qf3 c6 11.Be3 Nb6 12.O-O-O Nbd5 13.Nxd5 Qxd5 14.Qxd5 cxd5
15.Bg2 e6 16.Rhe1 Kd7 17.Kb1 Bd6 18.Bg5 b5 19.Rd3 Ne8 20.Rf3 f6 21.Bd2 g5
22.Rb3 a6 23.Bf1 Bf4 24.Bb4 Nc7 25.Ba5 Rhb8 26.Bxc7 Bxc7 27.Rbe3 Rb6 28.Bg2 Bf4
29.Rf3 Rh8 30.Rd3 b4 31.Rb3 Rhb8 32.Rf3 Rh8 33.Rb3 Bc7 34.Bf1 Rhb8 35.Rf3 a5
36.b3 Rh8 37.Rd1 Bf4 38.Rfd3 Rc6 39.Rf3 Ke7 40.Bb5 Rc3 41.Rdd3 Bd2 42.a4 Kd6
43.Rg3 Rxd3 44.Rxd3 Be1 45.Kc1 Bxf2 46.Kd1 Rc8 47.Kd2 g6 48.Ba6 Rc7 49.Bb5 Ke7
50.Kd1 f5 51.Kd2 f4 52.c4 bxc3+ 53.Kc2 Be1 54.Ba6 Bd2 55.Bb5 Kf6 56.Be8 Rh7
57.Rf3 Be3 58.Kxc3 Rc7+ 59.Kd3 Rc1 60.Bb5 Rd1+ 61.Kc2 Rxd4 62.Kc3 e5  0-1

[Event "19th Albena Open"]
[Site "Albena BUL"]
[Date "2011.06.26"]
[Round "2.10"]
[White "Svetushkin,D"]
[Black "Popov,Geo"]
[Result "1-0"]
[WhiteElo "2561"]
[BlackElo "2165"]

1.e4 d5 2.exd5 Qxd5 3.Nc3 Qd8 4.d4 Nf6 5.Bc4 c6 6.Nf3 Bf5 7.Ne5 e6 8.g4 Bg6
9.h4 Be4 10.Nxe4 Nxe4 11.c3 Nd6 12.Bb3 Be7 13.h5 Nd7 14.Bf4 h6 15.Qe2 Nf8
16.Bg3 a5 17.a4 Qb6 18.Ba2 Qa6 19.Nd3 Nd7 20.O-O-O O-O-O 21.Rhe1 Rhe8 22.Qf3 Rf8
23.Ne5 Nxe5 24.Bxe5 Ne8 25.Bg3 Nc7 26.Be5 Ne8 27.Kc2 Qb6 28.Bc4 Bf6 29.Bg3 Nc7
30.Qe4 Rd7 31.f4 Re8 32.f5 Nd5 33.Qf3 Qd8 34.fxe6 fxe6 35.Re4 Rde7 36.Rde1 Qd7
37.Bh2 b5 38.Bb3 Kb7 39.axb5 cxb5 40.Rxe6 Rxe6 41.Qxd5+  1-0

[Event "6th Dvorkovich Cup"]
[Site "Moscow RUS"]
[Date "2011.06.27"]
[Round "4.8"]
[White "Wang Jue"]
[Black "Rakhmangulova,A"]
[Result "1-0"]
[WhiteElo "2308"]
[BlackElo "2196"]

1.e4 d5 2.exd5 Qxd5 3.Nc3 Qd6 4.d4 Nf6 5.Nb5 Qb6 6.c4 c6 7.Nc3 g6 8.h3 Bg7
9.Nf3 Bf5 10.g4 Be6 11.Na4 Qc7 12.Nc5 Bc8 13.Bg2 Nbd7 14.Nd3 O-O 15.O-O a5
16.Bf4 Qb6 17.Re1 e6 18.Bd6 Rd8 19.g5 Nh5 20.c5 Qa7 21.Nfe5 Nxe5 22.Nxe5 Bd7
23.Bc7 Be8 24.Bb6 Qb8 25.Bxd8 Qxd8 26.Qd2 Qc7 27.Rad1 Rd8 28.Qe3 Bf8 29.Bf3 Ng7
30.Ng4 Be7 31.Qe5 Qxe5 32.dxe5 Rxd1 33.Rxd1 Nh5 34.Nf6+ Nxf6 35.exf6 Bxc5
36.Rd8 Kf8 37.Rb8 Bd4 38.Rxb7 Be5 39.Rb6 c5 40.Ra6 Bxb2 41.Ra8  1-0

[Event "ch-UAE"]
[Site "Abu Dhabi UAE"]
[Date "2011.06.28"]
[Round "4"]
[White "Abdullah,Al Hamed"]
[Black "Saud,M"]
[Result "0-1"]
[WhiteElo "1840"]
[BlackElo "2087"]

1.e4 d5 2.exd5 Qxd5 3.Nc3 Qd6 4.d4 a6 5.Nf3 Nf6 6.g3 Bg4 7.Bg2 e6 8.O-O Be7
9.h3 Bh5 10.g4 Bg6 11.Ne5 c6 12.Bf4 Qd8 13.Bh2 Nfd7 14.f4 Nxe5 15.fxe5 O-O
16.Ne4 Nd7 17.c4 Nb6 18.b3 a5 19.Qd2 a4 20.Qf2 axb3 21.axb3 Bh4 22.Qe3 Rxa1
23.Rxa1 f5 24.exf6 Bxe4 25.fxg7 Bf2+  0-1

[Event "19th Albena Open"]
[Site "Albena BUL"]
[Date "2011.06.28"]
[Round "4.9"]
[White "Carlsson,P"]
[Black "Panbukchian,V"]
[Result "1-0"]
[WhiteElo "2497"]
[BlackElo "2385"]

1.e4 d5 2.exd5 Qxd5 3.Nc3 Qd6 4.d4 Nf6 5.Nf3 a6 6.g3 Bg4 7.h3 Bh5 8.Bg2 Nc6
9.O-O O-O-O 10.Bf4 Qb4 11.g4 Bg6 12.a3 Qxb2 13.Qe1 e6 14.Ne5 Nd5 15.Nxd5 exd5
16.Nxc6 bxc6 17.Qa5 Bd6 18.Qxa6+ Kd7 19.Bxd6 Kxd6 20.Rab1 Qc3 21.Rb5 Rhe8
22.Rc5 Qd2 23.Rxd5+ Ke7 24.Rxd8 Rxd8 25.Qxc6 Rxd4 26.Qxc7+ Kf8 27.a4 h5 28.gxh5 Bxh5
29.Qc5+  1-0

[Event "19th Albena Open"]
[Site "Albena BUL"]
[Date "2011.06.29"]
[Round "5.27"]
[White "Solonsky,Alexandr"]
[Black "Sarenac,D"]
[Result "0-1"]
[WhiteElo "1970"]
[BlackElo "2315"]

1.e4 d5 2.exd5 Qxd5 3.Nc3 Qd6 4.d4 Nf6 5.Nf3 g6 6.Bc4 Bg7 7.O-O O-O 8.h3 a6
9.Bg5 b5 10.Bd3 Bb7 11.Re1 Nbd7 12.Ne4 Nxe4 13.Bxe4 Bxe4 14.Rxe4 Nf6 15.Bxf6 Bxf6
16.c3 Rfd8 17.Qb3 c5 18.dxc5 Qxc5 19.Rd1 e6 20.Re2 Rxd1+ 21.Qxd1 Qc4 22.a3 a5
23.Rd2 b4 24.cxb4 axb4 25.b3 Qe4 26.a4 Rc8 27.Rd3 Rc5 28.Qd2 Kg7 29.Qe3 Qc6
30.Nd4 Qc7 31.g3 e5 32.Ne2 Qc6 33.h4 h5 34.Rd1 Be7 35.Rc1 Qd5 36.Kh2 Bd6
37.f3 Ra5 38.Rc4 Qe6 39.Nc1 Rxa4 40.Rc6 Ra5 41.Nd3 Ra2+ 42.Nf2 Qd5 43.Rc8 Rb2
44.Rd8 Bc5  0-1

[Event "19th Albena Open"]
[Site "Albena BUL"]
[Date "2011.06.29"]
[Round "5.17"]
[White "Aseeva,M"]
[Black "Ermenkov,Evgenij"]
[Result "1-0"]
[WhiteElo "2199"]
[BlackElo "2451"]

1.e4 d5 2.exd5 Qxd5 3.Nc3 Qd6 4.d4 c6 5.Nge2 Bf5 6.Bf4 Qd8 7.Ng3 Bg6 8.h4 h6
9.h5 Bh7 10.d5 Nf6 11.Bc4 Nbd7 12.Qe2 Qa5 13.O-O-O a6 14.dxc6 bxc6 15.Qf3 Qb6
16.Rhe1 Qb7 17.Nge2 Nb6 18.Bb3 e6 19.Nd4 O-O-O 20.Nxc6 Rxd1+ 21.Rxd1 Bc5
22.Na7+ Qxa7 23.Qc6+ Qc7 24.Qxc7+  1-0

[Event "TCh-TUR 2011"]
[Site "Konya TUR"]
[Date "2011.06.29"]
[Round "2"]
[White "Sop,S"]
[Black "Morgul,E"]
[Result "1/2-1/2"]
[WhiteElo "1995"]
[BlackElo "1723"]

1.e4 d5 2.exd5 Qxd5 3.Nc3 Qd6 4.d4 c6 5.Bc4 Nf6 6.Nge2 Bf5 7.Bf4 Qd8 8.Ng3 Bg6
9.h4 h6 10.h5 Bh7 11.d5 Nxd5 12.Bxb8 Qxb8 13.Nxd5 b5 14.Bb3 cxd5 15.Bxd5 Qe5+
16.Kf1 Rc8 17.Qf3 e6 18.Bc6+ Ke7 19.Rd1 Rc7 20.c3 Qc5 21.Be4 f5 22.Bb1 Qc4+
23.Kg1 g5 24.hxg6 Bxg6 25.Bd3 Qxa2 26.Bxb5 Qxb2 27.c4 Qe5 28.Qa3+ Kf7 29.Qa5 Bc5
30.Qd2 Bb6 31.Ne2 Qc5 32.Rf1 h5 33.Nf4 Qe5 34.Nxg6 Kxg6 35.Rh3 Re7 36.Qd1 Reh7
37.Qf3 h4 38.Qd1 Rd8 39.Qc2 Rc8 40.Qa4 Rd8 41.Qc2 Rd4 42.Re3 Re4 43.Rxe4 fxe4
44.Bc6 Rg7 45.Qxe4+ Qxe4 46.Bxe4+ Kf6 47.Kh2 Rd7 48.f3 Rd4 49.Rc1 Bc5 50.Kh3 Kg5
51.Bb7 a5 52.Bc6 Rd3 53.Re1 Kf6 54.Re4 Bf2 55.Bb5 Rc3 56.Re2 Bg3 57.Kg4 a4
58.Rd2 a3 59.Ra2 Kg6 60.Be8+ Kf6 61.Bb5 Kg6 62.Re2 Kf6 63.Ra2 e5 64.Rd2 Ke6
65.Bd7+ Ke7 66.Bb5 Ke6 67.Bd7+ Ke7 68.Bb5 Ke6  1/2-1/2

[Event "6th Dvorkovich Cup"]
[Site "Moscow RUS"]
[Date "2011.06.30"]
[Round "8.8"]
[White "Kostitsina,L"]
[Black "Rakhmangulova,A"]
[Result "0-1"]
[WhiteElo "2000"]
[BlackElo "2196"]

1.e4 d5 2.exd5 Qxd5 3.Nc3 Qd6 4.d4 Nf6 5.Nf3 Bg4 6.h3 Bh5 7.g4 Bg6 8.Ne5 Nbd7
9.Nc4 Qe6+ 10.Ne3 h5 11.g5 Ne4 12.Bg2 c6 13.h4 Nb6 14.Bh3 Qd6 15.Qf3 Qxd4
16.Ne2 Qe5 17.Nf4 Nxg5 18.hxg5 Be4 19.Qg3 h4 20.Qg4 Bxh1 21.g6 f6 22.Bd2 Bd5
23.Ba5 e6 24.Nxe6 Bxe6 25.Qxe6+ Qxe6 26.Bxe6 h3 27.Bf7+ Kd8 28.O-O-O+ Kc7
29.Ng4 Rh4 30.Nh2 Rd8 31.Re1 Bd6 32.Nf3 Rf4 33.Nd2 h2 34.Rh1 Rxf2 35.Bc3 Bf4
36.Rd1 Bxd2+  0-1

[Event "6th Dvorkovich Cup"]
[Site "Moscow RUS"]
[Date "2011.07.01"]
[Round "9.8"]
[White "Fataliyeva,U"]
[Black "Rakhmangulova,A"]
[Result "1-0"]
[WhiteElo "2105"]
[BlackElo "2196"]

1.e4 d5 2.exd5 Qxd5 3.Nc3 Qd6 4.d4 Nf6 5.Nf3 Bg4 6.h3 Bh5 7.g4 Bg6 8.Ne5 Nbd7
9.Nb5 Qb6 10.Nc4 Qe6+ 11.Qe2 Qxe2+ 12.Bxe2 Kd8 13.Na5 Kc8 14.c4 b6 15.Nb3 c6
16.Nc3 e5 17.O-O e4 18.g5 Ne8 19.f3 f5 20.fxe4 fxe4 21.h4 h5 22.Nd2 Nd6 23.Rf4 Nf5
24.Rxe4 c5 25.Bf3 cxd4 26.Nb5 a6 27.Re1 axb5 28.Bxa8 Ne3 29.cxb5 Nc2 30.Re6 Bf7
31.Rc6+ Kb8 32.Rxc2 Kxa8 33.Nb3 d3 34.Rc7 Ne5 35.Bf4 Nf3+ 36.Kf2 Bd5 37.Rd7 Be4
38.Ke3 Bb7 39.Rd8+ Ka7 40.Bb8+  1-0